Quizzes
Events
Quiz Creation
Community
Videos
Private Events
Remove Ads
Sign In
Join for FREE
Feedback
Dark Mode
Quiz Categories
Sports
Geography
Music
Movies
Television
Just For Fun
Miscellaneous
History
Literature
Language
Science
Gaming
Entertainment
Religion
Holiday
For Kids
Quiz Lab
Recent
Popular Today
Quiz Kudos Today
Editor Picks
Curator Picks
Quizzes by...
Day
Popularity
Type
Ratings
Length
Year
Community
Subscriptions
Recent Discussions
Orange Saloon
Badges
Playlists
Quests
Create
Leaderboards
Showdown
Live 5
Trivia Bingo
Activity
Puzzle Library
Sporcle Events
Private Events
Virtual Trivia
Globe League
Become a Host
Pub Owners
SporcleCon
Opinionation
Our Games
Videos
Blog
Mobile Apps
Partnerships
Remove Ads and Go Orange
Feedback
Music
Pop Music
The Beatles
Song
Album
Lyrics
Bands
Singers
Artist
Clip
Rock
Rap
Classical
Billboard
Country Music
Kpop
Taylor Swift
Music
Pop Music
The Beatles
Song
Album
Lyrics
Bands
Singers
Artist
Clip
Rock
Rap
Classical
Billboard
Country Music
Kpop
Taylor Swift
Random Quiz
Search Sporcle
×
Quiz Lab
Quiz Lab
Music
Jimmy
Type in answers that appear in a list
Type in answers that appear in a list
Classic
Best Score? Go Orange.
'Son of a Son of a Sailor' by Jimmy Bufett Lyrics Stats
Can you name the 'Son of a Son of a Sailor' by Jimmy Bufett Lyrics?
By
Melbatoast
10m
253 Questions
81 Plays
81 Plays
81 Plays
Comments
Comments
Give Quiz Kudos
Give Quiz Kudos
-
- Ratings
hide this ad
Replay
Link that replays current quiz
Next Quiz
Link to next quiz in quiz playlist
You Got
0%
They Got
Avg Score
80%
Avg Friend Score
Upgrade to see
Score Distribution
Jump to the score distribution portion of the page
Score
0/253
Timer
10:00
0
Plays Today
% Correct
the
100%
a
100%
a
100%
the
100%
the
100%
the
100%
and
100%
a
100%
a
100%
and
100%
a
100%
a
100%
and
100%
and
100%
a
100%
a
100%
a
100%
a
100%
a
100%
the
100%
the
100%
the
100%
the
100%
the
100%
the
100%
And
100%
the
100%
the
100%
and
100%
and
100%
the
100%
the
100%
the
100%
the
100%
the
100%
a
100%
a
100%
a
100%
a
100%
a
100%
a
100%
a
100%
a
100%
a
100%
a
100%
a
100%
a
100%
The
100%
a
100%
son
98.8%
of
98.8%
son
98.8%
of
98.8%
I
98.8%
of
98.8%
of
98.8%
I
98.8%
of
98.8%
I
98.8%
of
98.8%
Son
98.8%
of
98.8%
son,
98.8%
son
98.8%
of
98.8%
son
98.8%
Son
98.8%
of
98.8%
son
98.8%
of
98.8%
Son
98.8%
of
98.8%
of
98.8%
of
98.8%
of
98.8%
of
98.8%
son
98.8%
of
98.8%
of
98.8%
I
98.8%
I
98.8%
I
98.8%
I
98.8%
[CHORUS]
98.8%
son
98.8%
% Correct
of
98.8%
son
98.8%
son
98.8%
of
98.8%
son
98.8%
Son
98.8%
of
98.8%
son
98.8%
of
98.8%
I
98.8%
[CHORUS]:
98.8%
sailor
97.5%
sailor.
97.5%
So
97.5%
sailor.
97.5%
on
93.8%
on
93.8%
out
91.4%
out
91.4%
As
90.1%
for
90.1%
As
90.1%
as
90.1%
for
90.1%
for
90.1%
as
90.1%
we
90.1%
as
90.1%
for
90.1%
just
88.9%
in
88.9%
in
88.9%
just
88.9%
in
88.9%
just
88.9%
in
88.9%
sea
87.7%
he
87.7%
I'm
87.7%
I'm
87.7%
went
86.4%
man
86.4%
from
86.4%
from
86.4%
man
86.4%
from
86.4%
man
86.4%
gun
85.2%
gun
85.2%
adventure.
82.7%
one
82.7%
You
82.7%
you
82.7%
last
81.5%
all
80.2%
all
80.2%
at
79%
is
79%
like
77.8%
jailer
77.8%
can
77.8%
captain
75.3%
released
75.3%
indenture.
75.3%
crew
74.1%
up
74.1%
she
74.1%
my
74.1%
my
74.1%
my
74.1%
my
74.1%
ahead
72.8%
your
72.8%
your
72.8%
dreamer
71.6%
dreams
71.6%
have
71.6%
many
71.6%
about
71.6%
crooks
71.6%
step
71.6%
island
71.6%
spices
71.6%
heroes
69.1%
much
69.1%
% Correct
don't
69.1%
travelin'
67.9%
Read
67.9%
dozens
67.9%
learned
67.9%
their
67.9%
greets
67.9%
border
67.9%
good
67.9%
live
67.9%
books
66.7%
both
66.7%
styles.
66.7%
lady
66.7%
hails
66.7%
Trinidad
66.7%
it
66.7%
mile.
65.4%
hand
65.4%
Where
65.4%
shake
64.2%
mango
64.2%
vices.
64.2%
glad
64.2%
trailer.
64.2%
cinnamon
63%
sweet
63%
or
63%
view
61.7%
us.
61.7%
Not
61.7%
ton
60.5%
chorus.
60.5%
can't
60.5%
Now
59.3%
before
59.3%
seas
59.3%
if
58%
disorder
56.8%
our
56.8%
banker.
56.8%
remains
56.8%
Hear
55.6%
its
55.6%
ends
55.6%
thief
55.6%
wind
54.3%
lawyer
54.3%
chalked
53.1%
near
53.1%
Southeast
53.1%
veins
53.1%
future
51.9%
rum
51.9%
friends
51.9%
anchor.
51.9%
along
51.9%
load
50.6%
forefathers
50.6%
knew
50.6%
searchin'
50.6%
that
49.4%
ring
49.4%
fathom
49.4%
might
49.4%
ride
48.1%
bells
48.1%
Salt
46.9%
toss
46.9%
always
46.9%
tradition
46.9%
Expanding
44.4%
songs.
44.4%
meat
43.2%
sings
43.2%
cruise
43.2%
But
43.2%
Haul
40.7%
sheet
40.7%
harnessed
37%
rigging
33.3%
away
29.6%
tight
24.7%
Quiz Playlist
Details
Report
Send in Message
Add To Playlist
Classic:
Type in answers that appear in a list
Quiz Source
Last Updated: Feb 16, 2017
Quiz Scoreboard
CHALLENGE
Sign Up to Join the Scoreboard
Show All
Scores
Hide
Comments
May contain spoilers
Recently Published
9x9 Crossword: Cartoon Network
by jackfrog10
Miscellaneous
3m
College Basketball Coaching Resumes
by pancakes188
Sports
9m
Billboard Blitz: Fleetwood Mac
by CooCooCachoo
Music
15s
More to Explore
Quiz From the Vault
Featured Blog Post
Where Did the Easter Bunny Come From?
hide this ad
You Might Also Like...
Tags
Jimmy
sailor
son
Today's Top Quizzes in Music
Browse Music
hide this ad
Today's Top Quizzes in Jimmy
Browse Jimmy
Top Contributed Quizzes in Music
1
Taylor Swift All Songs (2024)
2
Guess the Artist- 70s Songs
3
7-to-1: Billboard Hot 100 #1 Hits of 2010s
4
Sorting Albums and Songs
5
Taylor Swift Logic Puzzle
6
KPOP LOGIC QUIZ
7
Guess the Taylor Swift song (Mystery Song)
8
Guess The Taylor Swift Lyrics Song #1
9
Billboard Blitz: ABBA
10
One Thing in Common: Music
Explore More
Trending Topics
Disney
Crossword
Kpop
Anime
NBA
Harry Potter
Marvel
NFL
Song
Country
Pokémon
WWE
Puzzle
The Office
Soccer
hide this ad
More By:
Melbatoast
Quiz
Plays
Rating
Category
Featured
Created
'A Pirate Looks at Forty' Lyrics by Jimmy Buffett
1,331
5.00
Music
Jan 9, 2013
'Downeaster Alexa' Lyrics by Billy Joel
971
4.90
Music
Jan 10, 2013
'Son of a Son of a Sailor' by Jimmy Bufett Lyrics
81
5.00
Music
Jan 14, 2013
Go to Creator's Profile
Score Distribution
Quiz Creator Spotlight
Melbatoast
Follow
Send a Message
Quizzes Created
-
Created Quiz Play Count
-
More By This Creator
Popular Quizzes Today
1
Find the US States - No Outlines Minefield
2
Find the Countries of Europe - No Outlines Minefield
3
The Countries of the World
4
Find the US States
5
Risky Map Clicking: Biggest States A-Z
6
US States
7
Popular People in 1961
8
Movies - When Are They Set?
More Music Quizzes
'90s Song Title Slot Machine
Published
Trending Quizzes
Risky Map Clicking: Least Populous States A-Z
1-10 Letter G Words
1-10 Letter F Words
Risky Map Clicking: Next State Alphabetically
Adjectives in 80s TV Shows
Recently Updated
Leaping Animals
pecheneg
Reality TV Shows (A-Z)
bhenderson79
Rickey Henderson's Hall of Fame Teammates
pecheneg
Champions League XIs: Arsenal
pecheneg
Quick Pick: Celebrities in WWE's Hall of Fame
aduchscher
A-Z Keypad Blitz II
pecheneg
Multiple Oscar Actors
pecheneg
Mystery Phrase Blitz: Oscar 'Best Actors'
pecheneg
F. Scott Fitzgerald Novels
LTH
Pick 3 Villains
ddd62291
Trending Topics
NBA
Marvel
Kpop
Disney
Crossword
Anime
Harry Potter
Soccer
Song
The Office
Puzzle
WWE
Pokémon
NFL
Country
Your Account Isn't Verified!
In order to create a playlist on Sporcle, you need to verify the email address you used during registration. Go to your
Sporcle Settings
to finish the process.
Report this User
Report this user for behavior that violates our
Community Guidelines
.
Details:
Send Report
Go to the Sporcle.com Mobile Site →
Comments